Manažment výroby
Salvato in:
| Autore principale: | |
|---|---|
| Altri autori: | , , , |
| Natura: | Libro |
| Lingua: | slovacco |
| Pubblicazione: |
Bratislava
Sprint vfra
2008
|
| Soggetti: | |
| Tags: |
Nessun Tag, puoi essere il primo ad aggiungerne!!
|
MARC
| LEADER | 00000nam$a2200000$$$4500 | ||
|---|---|---|---|
| 001 | 0081713 | ||
| 005 | 20240502071921.9 | ||
| 020 | |a 80-89085-00-6 | ||
| 020 | |a 978-80-89355-00-6 (vzadu na obale) | ||
| 041 | 0 | |a slo | |
| 044 | |a SK | ||
| 245 | 1 | 0 | |a Manažment výroby |c Michal Leščišin, Juraj Stern, Andrej Dupaľ |
| 264 | 1 | |a Bratislava |b Sprint vfra |c 2008 | |
| 300 | |a 325 s. | ||
| 610 | 2 | 0 | |a riadenie výroby |
| 610 | 2 | 0 | |a podnikanie |
| 610 | 2 | 0 | |a programy výrobné |
| 610 | 2 | 0 | |a inovácia výrobkov |
| 610 | 2 | 0 | |a kvalita výrobkov |
| 610 | 2 | 0 | |a služby |
| 610 | 2 | 0 | |a logistika |
| 100 | 1 | |a Leščišin, Michal | |
| 700 | 1 | |a Stern, Juraj | |
| 700 | 1 | |a Dupaľ, Andrej | |
| 700 | 1 | |a Papula, Jozef | |
| 700 | 1 | |a Molnár, Pavol | |